LEADER 01353nam0 2200253 450 001 000022062 005 20090127112157.0 100 $a20090127d1978----km-y0itay50------ba 101 0 $aeng 102 $aGB 105 $ay-------001yy 200 1 $aConvention on facilitation of international maritime traffic and resolutions adopted by the international conference on facilitation of maritime travel and Transport, 1965 210 $aLondon$cInter-Governmental Maritime Consultative Organization$d1978 215 $a35 p.$d25 cm 300 $ail nome di Inter-Governmental Maritime Consultative Organization è cambiato in International Maritime Organization (IMO) dal 22 maggio 1982 500 10$aConvention on facilitation of international maritime traffic and resolutions adopted by the international conference on facilitation of maritime travel and Transport, 1965$947101 610 1 $aNavigazione$aPrevenzione 676 $a341.7$v19 710 02$aInter-Governmental Maritime Consultative Organization$030537 801 0$aIT$bUNIPARTHENOPE$c20090127$gRICA$2UNIMARC 912 $a000022062 951 $aS 341.7/28$bS E, 876$cDSA$d2009 996 $aConvention on facilitation of international maritime traffic and resolutions adopted by the international conference on facilitation of maritime travel and Transport, 1965$947101 997 $aUNIPARTHENOPE LEADER 01159cam0 22003011 450 001 SOBE00077898 005 20231108110918.0 010 $a8860871387 100 $a20231107d2008 |||||ita|0103 ba 101 $aita 102 $aIT 200 1 $a<<">>A commentar Dante ci vuole un medievalista"$esaggi sul dantismo critico di Arturo Graf$fEmanuela Bufacchi$gprefazione di Achille Tartaro 210 $aFirenze$cLe Lettere$d2008 215 $a392 p.$d19 cm 225 2 $anuova meridiana$v61 410 1$1001LAEC00020344$12001 $aLa *nuova meridiana$v61 500 10$a<<">>A commentar Dante ci vuole un medievalista"$3SOBA00029044$91014658 700 1$aBufacchi$b, Emanuela$3A600200026811$4070$0595116 702 1$aTartaro, Achille$3AF00014666$4070 801 0$aIT$bUNISOB$c20231108$gRICA 850 $aUNISOB 852 $aUNISOB$j850$m180684 912 $aSOBE00077898 940 $aM 102 Monografia moderna SBN 941 $aM 957 $a850$b003756$gSI$d180684$n20231107$_60$rdono$tN$[60$1Spinosa$2UNISOB$3UNISOB$420231107130733.0$520231107130848.0$6Spinosa 996 $aA commentar Dante ci vuole un medievalista$91014658 997 $aUNISOB